| 000 | 00522nam a22001937a 4500 | ||
|---|---|---|---|
| 003 | OSt | ||
| 005 | 20180419152715.0 | ||
| 008 | 180419b xxu||||| |||| 00| 0 eng d | ||
| 020 | _a0521635144 | ||
| 040 | _cDDC. | ||
| 082 | _a577.ECO 1997. | ||
| 100 |
_aSutherland,J.William; _912608 |
||
| 245 |
_aEcologial census techniques: _bA handbook; |
||
| 260 |
_aUK; _bCambridge University Press; _c1997. |
||
| 300 |
_axv,336p; _bcol, ill; _c22cm |
||
| 504 | _aincludes index. | ||
| 650 |
_aBiology. _95602 |
||
| 942 |
_2ddc _cO_SHELF |
||
| 999 |
_c6089 _d6090 |
||